00560 2200229 4500001002100000005001500021035002000036008004100056245003800097100001000135250001000145260003700155300003000192020002200222084001700244082001100261650001800272990001000290990001000300990001000310990001000320INLIS00000000001203620260424111127 a0010-0426000007260424 e 0 ind 1 aAjaran bahagia dari jawa /cPaksi aPaksi aCet.1 aYogyakarta :bMojok Group,c2025 aviii, 206 hlm ;c13x19 cm a978-623-8463-21-3 a181.16 PAK a a181.16 4aFilsafat Jawa a58219 a58220 a58221 a58222